[Event "ODJM C 2023"]
[Site "Willingen GER"]
[Date "2023.05.29"]
[Round "3"]
[White "Knudsen, Finn Luca"]
[Black "Kraus, Joshua"]
[Result "1/2-1/2"]
[Termination "normal"]
[Board "30"]
[WhiteElo "967"]
[BlackElo "836"]
[WhiteClock "00:59:35"]
[BlackClock "01:10:31"]
[PlyCount "49"]
[WhiteFideId "34630023"]
[BlackFideId "34660500"]
[EventCountry "GER"]
[EventRounds "9"]
[EventType "swiss"]
[EventDate "2023.05.27"]

1. e4 {[%clk 01:30:58]} {[%emt 00:00:01]} e5 {[%clk 01:30:59]} {[%emt
00:00:02]} 2. Nf3 {[%clk 01:31:19]} {[%emt 00:00:09]} Nc6 {[%clk 01:31:23]}
{[%emt 00:00:06]} 3. Bc4 {[%clk 01:31:42]} {[%emt 00:00:07]} Bc5 {[%clk
01:31:45]} {[%emt 00:00:08]} 4. c3 {[%clk 01:30:01]} {[%emt 00:02:11]} Nf6
{[%clk 01:30:30]} {[%emt 00:01:44]} 5. d4 {[%clk 01:29:51]} {[%emt 00:00:40]}
exd4 {[%clk 01:29:34]} {[%emt 00:01:26]} 6. cxd4 {[%clk 01:28:58]} {[%emt
00:01:23]} Bb4+ {[%clk 01:28:53]} {[%emt 00:01:11]} 7. Bd2 {[%clk 01:28:48]}
{[%emt 00:00:41]} Bxd2+ {[%clk 01:28:45]} {[%emt 00:00:38]} 8. Qxd2 {[%clk
01:29:07]} {[%emt 00:00:09]} d6 {[%clk 01:28:45]} {[%emt 00:00:31]} 9. O-O
{[%clk 01:24:14]} {[%emt 00:05:24]} Nxe4 {[%clk 01:27:12]} {[%emt 00:02:03]}
10. Qf4 {[%clk 01:24:00]} {[%emt 00:00:44]} Nf6 {[%clk 01:26:48]} {[%emt
00:00:54]} 11. Re1+ {[%clk 01:22:13]} {[%emt 00:02:18]} Ne7 {[%clk 01:26:34]}
{[%emt 00:00:44]} 12. Ng5 {[%clk 01:20:16]} {[%emt 00:02:26]} O-O {[%clk
01:26:39]} {[%emt 00:00:25]} 13. Nc3 {[%clk 01:19:11]} {[%emt 00:01:35]} h6
{[%clk 01:23:37]} {[%emt 00:03:31]} 14. Nce4 {[%clk 01:15:52]} {[%emt
00:03:50]} hxg5 {[%clk 01:22:33]} {[%emt 00:01:34]} 15. Nxf6+ {[%clk 01:15:47]}
{[%emt 00:00:35]} gxf6 {[%clk 01:22:51]} {[%emt 00:00:12]} 16. Qxf6 {[%clk
01:15:50]} {[%emt 00:00:27]} d5 {[%clk 01:19:21]} {[%emt 00:03:59]} 17. Qxg5+
{[%clk 01:14:48]} {[%emt 00:01:32]} Ng6 {[%clk 01:19:35]} {[%emt 00:00:16]} 18.
Qh6 {[%clk 01:10:56]} {[%emt 00:04:22]} dxc4 {[%clk 01:18:56]} {[%emt
00:01:08]} 19. Rad1 {[%clk 01:09:59]} {[%emt 00:01:29]} Qf6 {[%clk 01:17:45]}
{[%emt 00:01:40]} 20. Re3 {[%clk 01:09:07]} {[%emt 00:01:22]} Qg7 {[%clk
01:17:38]} {[%emt 00:00:37]} 21. Qg5 {[%clk 01:08:42]} {[%emt 00:00:55]} Bd7
{[%clk 01:16:59]} {[%emt 00:01:09]} 22. Rg3 {[%clk 01:07:09]} {[%emt 00:02:03]}
Rfe8 {[%clk 01:15:09]} {[%emt 00:02:19]} 23. Qd5 {[%clk 01:04:54]} {[%emt
00:02:46]} Re7 {[%clk 01:11:34]} {[%emt 00:04:05]} 24. Qxb7 {[%clk 01:00:42]}
{[%emt 00:04:41]} Rae8 {[%clk 01:10:31]} {[%emt 00:01:31]} 25. Kf1 {[%clk
00:59:35]} {[%emt 00:01:41]} 1/2-1/2

[Event "ODJM C 2023"]
[Site "Willingen GER"]
[Date "2023.05.29"]
[Round "3"]
[White "Lang, Samuel"]
[Black "Betz, Niclas"]
[Result "1-0"]
[Termination "normal"]
[Board "32"]
[WhiteElo "1159"]
[BlackElo "1043"]
[PlyCount "109"]
[WhiteFideId "34660526"]
[BlackFideId "34616748"]
[EventCountry "GER"]
[EventRounds "9"]
[EventType "swiss"]
[EventDate "2023.05.27"]

1. d4 d5 2. c4 e6 3. Nc3 Nf6 4. Nf3 Be7 5. Bg5 O-O 6. e3 b6 7. Be2 Bb7 8. a3
Nbd7 9. O-O h6 10. Bf4 Bd6 11. Bxd6 cxd6 12. b4 dxc4 13. Bxc4 Rc8 14. Qb3 d5
15. Be2 Qe7 16. Rfc1 a6 17. Na2 Rxc1+ 18. Rxc1 Rc8 19. a4 Rxc1+ 20. Nxc1 e5 21.
dxe5 Nxe5 22. Nxe5 Qxe5 23. Nd3 Qa1+ 24. Bf1 Ne4 25. Qc2 Qc3 26. Qxc3 Nxc3 27.
a5 Na4 28. Be2 b5 29. Kf1 f6 30. Ke1 Kf7 31. Kd2 Ke7 32. Bd1 Kd6 33. Bxa4 bxa4
34. Nc5 Bc6 35. Nxa6 Bb5 36. Nc5 a3 37. Kc2 Kc7 38. Ne6+ Kc6 39. Nd4+ Kb7 40.
Nxb5 Ka6 41. Nc3 a2 42. Nxa2 Kb5 43. Nc3+ Ka6 44. Nxd5 Kb5 45. Nc7+ Kc6 46. Ne6
g6 47. Nc5 Kb5 48. Kc3 Kc6 49. Kc4 Kc7 50. b5 f5 51. a6 Kb8 52. b6 g5 53. a7+
Ka8 54. Kb5 h5 55. Ka6 1-0

[Event "ODJM C 2023"]
[Site "Willingen GER"]
[Date "2023.05.29"]
[Round "3"]
[White "Schwarzfischer, Ramona"]
[Black "Neininger, Pascal"]
[Result "0-1"]
[Termination "normal"]
[Board "33"]
[WhiteElo "916"]
[BlackElo "1156"]
[PlyCount "84"]
[WhiteFideId "16268113"]
[BlackFideId "34640860"]
[EventCountry "GER"]
[EventRounds "9"]
[EventType "swiss"]
[EventDate "2023.05.27"]

1. e4 c5 2. c3 Nc6 3. d4 cxd4 4. cxd4 e5 5. d5 Nd4 6. Nf3 Qc7 7. Nc3 Nxf3+ 8.
Qxf3 Bb4 9. Bd2 Bxc3 10. Bxc3 Nf6 11. Bd3 d6 12. h3 Bd7 13. Qg3 Nh5 14. Qh4 Nf4
15. Qg3 Nxd3+ 16. Qxd3 O-O 17. O-O f5 18. f3 f4 19. Rac1 Qc5+ 20. Rf2 Rf6 21.
Kh2 Qxf2 22. Be1 Qxb2 23. Rc2 Qd4 24. Qxd4 exd4 25. Rc4 d3 26. Rc3 Bb5 27. Rc1
Rff8 28. Rb1 Ba6 29. Bd2 Rac8 30. Rd1 Bb5 31. g3 Ba4 32. Rc1 Rxc1 33. Bxc1 Rc8
34. Bxf4 Rc2+ 35. Kg1 d2 36. Bxd2 Rxd2 37. a3 b5 38. Kf1 a5 39. Ke1 Rc2 40. Kd1
b4 41. axb4 axb4 42. e5 b3 0-1

[Event "ODJM C 2023"]
[Site "Willingen GER"]
[Date "2023.05.29"]
[Round "3"]
[White "Liu, Kairui"]
[Black "Lindl, Julian"]
[Result "1-0"]
[Termination "normal"]
[Board "37"]
[WhiteElo "1024"]
[BlackElo "1148"]
[PlyCount "175"]
[WhiteFideId "34660534"]
[BlackFideId "16258304"]
[EventCountry "GER"]
[EventRounds "9"]
[EventType "swiss"]
[EventDate "2023.05.27"]

1. e4 d5 2. exd5 Qxd5 3. Nc3 Qd8 4. d4 Nf6 5. Bc4 c6 6. Nf3 Bf5 7. Ne5 e6 8.
O-O Nbd7 9. Nxd7 Nxd7 10. Re1 Be7 11. Bf4 O-O 12. Re3 Bg5 13. Bxg5 Qxg5 14. Rg3
Qe7 15. Bd3 Bxd3 16. Qxd3 Rad8 17. Re1 Rfe8 18. Rh3 g6 19. Re4 Kg7 20. Reh4 Rh8
21. f3 Ne5 22. Qe3 Nd7 23. Qh6+ Kg8 24. Ne4 Qf8 25. Qxf8+ Nxf8 26. c3 Rc8 27.
Nd6 Rc7 28. c4 Rd7 29. c5 Kg7 30. Ne8+ Kg8 31. Nf6+ Kg7 32. Nxd7 Nxd7 33. f4
Nf6 34. Rb3 Rb8 35. Re3 Rd8 36. Rd3 Ne4 37. g3 Nxc5 38. Rd1 Ne4 39. Kg2 c5 40.
Kf3 Nf6 41. Ke3 h5 42. Rd3 c4 43. Rd1 b5 44. h3 Ng8 45. g4 hxg4 46. hxg4 Nh6
47. Rdh1 Rh8 48. Kf3 f5 49. g5 Nf7 50. Rxh8 Nxh8 51. Re1 Nf7 52. Rxe6 a5 53.
Rb6 b4 54. Ra6 c3 55. bxc3 bxc3 56. Rc6 c2 57. Rxc2 Nd6 58. Rc5 a4 59. Ra5 a3
60. Rxa3 Nc4 61. Rc3 Nd2+ 62. Ke2 Ne4 63. Re3 Kf7 64. a4 Nd6 65. a5 Nb5 66. a6
Nxd4+ 67. Kd3 Nb5 68. Re5 Na7 69. Rc5 Ke6 70. Re5+ Kd6 71. Kd4 Nc6+ 72. Kc4
Nxe5+ 73. fxe5+ Kc7 74. e6 f4 75. Kd4 f3 76. Ke3 Kd6 77. Kxf3 Kxe6 78. Kg4 Kd6
79. a7 Ke6 80. a8=Q Ke5 81. Qe8+ Kd4 82. Qxg6 Ke5 83. Qf5+ Kd6 84. g6 Kc6 85.
g7 Kb6 86. g8=Q Ka6 87. Qge6+ Kb7 88. Qff7+ 1-0

[Event "ODJM C 2023"]
[Site "Willingen GER"]
[Date "2023.05.29"]
[Round "3"]
[White "Peglau, Lorena"]
[Black "Ruddat, Merja"]
[Result "1-0"]
[Termination "normal"]
[Board "38"]
[WhiteElo "1235"]
[BlackElo "934"]
[PlyCount "35"]
[WhiteFideId "16290542"]
[BlackFideId "34660577"]
[EventCountry "GER"]
[EventRounds "9"]
[EventType "swiss"]
[EventDate "2023.05.27"]

1. d4 d5 2. Nf3 Nf6 3. Bf4 e6 4. e3 c5 5. c3 Nc6 6. Nbd2 b6 7. Bb5 Bb7 8. Ne5
Rc8 9. Qa4 Bd6 10. Nxc6 Bxc6 11. Bxc6+ Ke7 12. Qxa7+ Rc7 13. Qxb6 Bxf4 14. exf4
Qb8 15. Qb5 Rhc8 16. Qxc5+ Kd8 17. Qf8+ Ne8 18. Qxe8# 1-0

[Event "ODJM C 2023"]
[Site "Willingen GER"]
[Date "2023.05.29"]
[Round "3"]
[White "Tarasenko, Ruslan"]
[Black "Ginschel, Sophia"]
[Result "1-0"]
[Termination "normal"]
[Board "39"]
[WhiteElo "1087"]
[BlackElo "809"]
[PlyCount "33"]
[WhiteFideId "34166343"]
[BlackFideId "34660445"]
[EventCountry "GER"]
[EventRounds "9"]
[EventType "swiss"]
[EventDate "2023.05.27"]

1. e4 e5 2. Nf3 Nc6 3. d4 exd4 4. Nxd4 Qh4 5. Nc3 Bb4 6. Qd3 Nf6 7. Bd2 Bxc3 8.
Bxc3 Nxe4 9. O-O-O Nxf2 10. Qe3+ Ne7 11. Nf5 Ng4 12. Nxh4 Nxe3 13. Re1 Nxf1 14.
Rhxf1 O-O 15. Rxe7 b6 16. Nf5 g6 17. Nh6# 1-0

[Event "ODJM C 2023"]
[Site "Willingen GER"]
[Date "2023.05.29"]
[Round "3"]
[White "Wagner, Valentin Thien-Phú"]
[Black "Moissl, Julian"]
[Result "0-1"]
[Termination "normal"]
[Board "40"]
[WhiteElo "857"]
[BlackElo "1160"]
[PlyCount "64"]
[WhiteFideId "34603492"]
[BlackFideId "16295129"]
[EventCountry "GER"]
[EventRounds "9"]
[EventType "swiss"]
[EventDate "2023.05.27"]

1. e4 e5 2. Nf3 Nc6 3. Bc4 Bc5 4. d3 Nf6 5. Nc3 h6 6. Be3 Bb6 7. O-O O-O 8. Qe2
d6 9. Rad1 Bg4 10. h3 Bh5 11. Nd5 Nd4 12. Bxd4 Bxd4 13. c3 Bb6 14. a4 Nxd5 15.
exd5 Qe7 16. b4 a6 17. a5 Ba7 18. d4 e4 19. g4 Bg6 20. Rde1 Rae8 21. Qe3 Qf6
22. Nd2 Qe7 23. Bd3 f5 24. f4 Rf7 25. gxf5 Bxf5 26. Bxe4 Qh4 27. Nf3 Qg3+ 28.
Kh1 Qxh3+ 29. Kg1 Rf6 30. Nd2 Rg6+ 31. Kf2 Qh2+ 32. Kf3 Rg3# 0-1

[Event "ODJM C 2023"]
[Site "Willingen GER"]
[Date "2023.05.29"]
[Round "3"]
[White "Andrade, Levin"]
[Black "Lola, Ioanna-Maria"]
[Result "1-0"]
[Termination "normal"]
[Board "41"]
[WhiteElo "840"]
[BlackElo "1024"]
[PlyCount "35"]
[WhiteFideId "34660399"]
[BlackFideId "34620397"]
[EventCountry "GER"]
[EventRounds "9"]
[EventType "swiss"]
[EventDate "2023.05.27"]

1. e4 d6 2. d4 Nf6 3. Nc3 Nbd7 4. Nf3 e5 5. dxe5 dxe5 6. Bc4 h6 7. Be3 Be7 8.
Qd2 O-O 9. h3 Re8 10. g4 Nh7 11. Bxh6 gxh6 12. Qxh6 Rf8 13. g5 Kh8 14. g6 fxg6
15. Qxg6 Qe8 16. Qh6 Rxf3 17. Rg1 Ndf6 18. Qg7# 1-0

[Event "ODJM C 2023"]
[Site "Willingen GER"]
[Date "2023.05.29"]
[Round "3"]
[White "Du, Melina"]
[Black "Rafikov, Artur"]
[Result "1/2-1/2"]
[Termination "normal"]
[Board "42"]
[WhiteElo "931"]
[BlackElo "1025"]
[PlyCount "83"]
[WhiteFideId "34639659"]
[BlackFideId "34642676"]
[EventCountry "GER"]
[EventRounds "9"]
[EventType "swiss"]
[EventDate "2023.05.27"]

1. e4 e5 2. Nf3 Nc6 3. Nc3 Nf6 4. a3 d5 5. exd5 Nxd5 6. Nxd5 Qxd5 7. c4 Qd8 8.
d3 Bg4 9. Be2 h6 10. Nxe5 Nxe5 11. Bxg4 Nxd3+ 12. Kf1 Nxc1 13. Rxc1 Be7 14.
Qxd8+ Rxd8 15. Rd1 Rxd1+ 16. Bxd1 O-O 17. g3 b6 18. Kg2 Rd8 19. Re1 Bd6 20. Bc2
a5 21. h3 Rb8 22. h4 b5 23. cxb5 Rxb5 24. Rb1 c5 25. Bd3 Rb6 26. f3 c4 27. Bxc4
Bxa3 28. Bd3 Rxb2+ 29. Rxb2 Bxb2 30. Kh3 a4 31. Bc4 a3 32. h5 Kf8 33. g4 Ke7
34. Kg2 Kd6 35. Bxf7 Kc5 36. Kf2 Kd4 37. Ke2 Kc3 38. Ke3 Kc2 39. Ke2 Kb1 40. f4
a2 41. Bxa2+ Kxa2 42. g5 1/2-1/2

[Event "ODJM C 2023"]
[Site "Willingen GER"]
[Date "2023.05.29"]
[Round "3"]
[White "Kutz, Henning Jasper"]
[Black "Reetz, Shaila"]
[Result "0-1"]
[Termination "normal"]
[Board "44"]
[WhiteElo "830"]
[BlackElo "1003"]
[PlyCount "140"]
[WhiteFideId "34612882"]
[BlackFideId "34630317"]
[EventCountry "GER"]
[EventRounds "9"]
[EventType "swiss"]
[EventDate "2023.05.27"]

1. e4 e5 2. Nf3 Nc6 3. Nc3 Nf6 4. Bb5 Bb4 5. Bxc6 bxc6 6. a3 Bxc3 7. dxc3 h6 8.
Nxe5 O-O 9. Nf3 Nxe4 10. Qe2 Re8 11. O-O Ng3 12. Qd1 Nxf1 13. Kxf1 Ba6+ 14. Kg1
Be2 15. Qd2 Bxf3 16. gxf3 Qh4 17. Qf4 Qh3 18. Be3 Re7 19. Qg4 Qxg4+ 20. fxg4
Re4 21. h3 a5 22. Re1 Rc4 23. Bd4 a4 24. b3 axb3 25. cxb3 Rxd4 26. cxd4 Rxa3
27. Re7 Rxb3 28. Rxd7 Rxh3 29. Rxc7 Rh4 30. Rxc6 Rxg4+ 31. Kf1 Rxd4 32. Rc8+
Kh7 33. Rc6 f5 34. Rc7 Z0 35. Rf7 Kg6 36. Rf8 h5 37. Kg2 Rd3 38. f3 h4 39. Rh8
Kg5 40. Rh7 Rd2+ 41. Kh3 Rf2 42. Rxg7+ Kh5 43. Rh7+ Kg5 44. f4+ Rxf4 45. Rg7+
Kh5 46. Rh7+ Kg5 47. Rg7+ Kh6 48. Rg1 Kh5 49. Rg2 Rf3+ 50. Kh2 h3 51. Rg3 Rxg3
52. Kxg3 f4+ 53. Kxh3 Kg5 54. Kg2 Kg4 55. Kg1 Kf3 56. Kf1 Ke3 57. Ke1 f3 58.
Kf1 f2 59. Kg2 Ke2 60. Kg3 f1=Q 61. Kg4 Qf2 62. Kg5 Qf3 63. Kg6 Qf4 64. Kg7 Qd6
65. Kf7 Ke3 66. Kg7 Kf4 67. Kf7 Kf5 68. Ke8 Qc7 69. Kf8 Kf6 70. Kg8 Qg7# 0-1

[Event "ODJM C 2023"]
[Site "Willingen GER"]
[Date "2023.05.29"]
[Round "3"]
[White "Nehrukumar, Rithika"]
[Black "Gattermayer, Jan"]
[Result "1-0"]
[Termination "normal"]
[Board "45"]
[WhiteElo "990"]
[BlackElo "852"]
[PlyCount "125"]
[WhiteFideId "34660550"]
[BlackFideId "34622306"]
[EventCountry "GER"]
[EventRounds "9"]
[EventType "swiss"]
[EventDate "2023.05.27"]

1. e4 e5 2. Nf3 Nc6 3. Bc4 Nf6 4. Nc3 h6 5. O-O Bc5 6. d3 O-O 7. h3 d6 8. Be3
Bb6 9. Bxb6 axb6 10. Re1 Qe7 11. Nd5 Nxd5 12. Bxd5 Nb4 13. a3 Be6 14. Bxb7 Ra7
15. Bd5 Bxd5 16. exd5 Nxd5 17. c4 Nf4 18. Qd2 g5 19. Qb4 Nxd3 20. Rxe5 Nxb4 21.
Rxe7 Nc2 22. Rc1 Nxa3 23. bxa3 Rxa3 24. Rxc7 Rfa8 25. Rc6 Ra1 26. Rxa1 Rxa1+
27. Kh2 Rc1 28. Rxd6 Rxc4 29. Rxb6 Kg7 30. g4 Rf4 31. Kg2 f6 32. Rb8 Kg6 33.
Kg3 h5 34. Nh4+ Kh6 35. Nf5+ Kg6 36. Rg8+ Kf7 37. Rg7+ Kf8 38. Rc7 Ra4 39. gxh5
Ra3+ 40. Ne3 f5 41. Kg2 f4 42. Nf5 f3+ 43. Kg3 Ra5 44. h6 Kg8 45. Nd6 Ra6 46.
Ne8 Rxh6 47. Kxf3 Rxh3+ 48. Kg2 g4 49. Rg7+ Kf8 50. Rxg4 Rh8 51. Nf6 Kf7 52.
Ne4 Re8 53. Nd6+ Ke7 54. Nxe8 Kxe8 55. f4 Kf7 56. Kf3 Kf6 57. Rg5 Ke6 58. Ke4
Kf6 59. Re5 Kg6 60. Rf5 Kh6 61. Rg5 Kh7 62. Rg1 Kh6 63. f5 1-0

[Event "ODJM C 2023"]
[Site "Willingen GER"]
[Date "2023.05.29"]
[Round "3"]
[White "Gyácsok, Rozália"]
[Black "Nehrukumar, Snikitha"]
[Result "0-1"]
[Termination "normal"]
[Board "46"]
[WhiteElo "750"]
[BlackElo "984"]
[PlyCount "126"]
[WhiteFideId "34658424"]
[BlackFideId "34660569"]
[EventCountry "GER"]
[EventRounds "9"]
[EventType "swiss"]
[EventDate "2023.05.27"]

1. e4 e5 2. Qh5 Bd6 3. Bc4 Nh6 4. d3 Qe7 5. Bg5 Qf8 6. Nf3 Be7 7. O-O Bxg5 8.
Nxg5 g6 9. Qf3 d5 10. Bxd5 c6 11. Bc4 Be6 12. Bxe6 fxe6 13. Qxf8+ Rxf8 14. Nxe6
Ke7 15. Nc7 Na6 16. Nxa8 Kd7 17. Nc3 Kc8 18. Rae1 Kb8 19. Re3 Kxa8 20. Rh3 Ng4
21. Re1 h5 22. Rd1 Rd8 23. Ne2 c5 24. Rf3 c4 25. Rf6 Nxf6 26. b3 Nxe4 27. bxc4
Nac5 28. Rb1 Nf6 29. Nc3 Re8 30. Nd5 Nxd5 31. cxd5 Na4 32. Rb4 Nc3 33. d6 Rd8
34. Rc4 Nxa2 35. c3 b5 36. Rc5 Rxd6 37. h3 h4 38. Rxb5 Nxc3 39. Rxe5 Rxd3 40.
Re6 g5 41. Rg6 Ne2+ 42. Kh1 Rd1+ 43. Kh2 Rd5 44. Kh1 a5 45. Re6 Nf4 46. Re8+
Kb7 47. Re7+ Kc6 48. Re8 Kd6 49. Rd8+ Kc5 50. Rxd5+ Kxd5 51. Kg1 a4 52. g3 Nd3
53. gxh4 gxh4 54. Kg2 a3 55. f4 Nxf4+ 56. Kf3 Nxh3 57. Kg2 Nf4+ 58. Kf3 a2 59.
Kxf4 a1=Q 60. Kg4 Qh8 61. Kh3 Ke4 62. Kg2 Qg8+ 63. Kh3 Qg3# 0-1